Discours et analyse du discours : Une introduction (notice n° 1792684)
[ vue normale ]
| 000 -LEADER | |
|---|---|
| fixed length control field | 01441cam a2200133 4500500 |
| 005 - DATE AND TIME OF LATEST TRANSACTION | |
| control field | 20260329000108.0 |
| 041 ## - LANGUAGE CODE | |
| Language code of text/sound track or separate title | fre |
| 042 ## - AUTHENTICATION CODE | |
| Authentication code | dc |
| 100 10 - MAIN ENTRY--PERSONAL NAME | |
| Personal name | Maingueneau, Dominique |
| Relator term | author |
| 245 00 - TITLE STATEMENT | |
| Title | Discours et analyse du discours : Une introduction |
| 260 ## - PUBLICATION, DISTRIBUTION, ETC. | |
| Name of publisher, distributor, etc. | Armand Colin,<br/> |
| Date of publication, distribution, etc. | 2024.<br/> |
| 520 ## - SUMMARY, ETC. | |
| Summary, etc. | Dans le monde entier, les travaux qui se réclament du « discours » ont envahi l’ensemble des sciences humaines et sociales et des humanités. À quelque discipline qu’ils appartiennent, ceux qui aujourd’hui sont amenés à étudier des textes écrits ou oraux ont besoin de comprendre les enjeux de l’analyse du discours et les ressources qu’elle propose. Cet ouvrage veut aider les étudiants à appréhender ses présupposés majeurs et les grandes divisions qui le structurent, à comprendre comment les analystes du discours élaborent leurs objets à l’aide de catégories comme genre, type de discours, formation discursive... Ils pourront également prendre la mesure de la diversité des modes de manifestation du discours : de la banale conversation entre amis à la philosophie, des interactions orales aux écrans d’ordinateur, car l’univers du discours dans lequel nous construisons nos identités et donnons sens à nos activités apparaît profondément hétérogène. |
| 856 41 - ELECTRONIC LOCATION AND ACCESS | |
| Uniform Resource Identifier | <a href="https://shs.cairn.info/discours-et-analyse-du-discours-2e-ed--9782200639068?lang=fr&redirect-ssocas=7080">https://shs.cairn.info/discours-et-analyse-du-discours-2e-ed--9782200639068?lang=fr&redirect-ssocas=7080</a> |
Pas d'exemplaire disponible.




Réseaux sociaux